| 000 | 00779nam a22001817a 4500 | ||
|---|---|---|---|
| 003 | OSt | ||
| 005 | 20250902141830.0 | ||
| 008 | 240820b ||||| |||| 00| 0 eng d | ||
| 040 | _c0 | ||
| 082 | _aDPer 364.05 J826 Summer-Fall 2019 v. 109 n. 3-4 | ||
| 100 |
_aPiaskoski, Paul R. _eauthor. _958536 |
||
| 245 |
_aThe federal bank robbery act : _bWhy the current split involving the use of force requirement for attempted bank robbery is really an exception / _cPaul R. Piaskoski. |
||
| 260 |
_aEvanston ; _bNorthwestern University Press , _cSummer 2019. |
||
| 300 |
_aVolume 109, pages 675-702 ; _c26 cm. |
||
| 500 | _aThe Journal of Criminal Law and Criminology, vol. 109, no. 3, pages 675-702, Summer 2019. | ||
| 700 |
_aPiaskoski, Paul R. _eauthor. _958536 |
||
| 942 |
_2ddc _cPER |
||
| 999 |
_c20721 _d20721 |
||